000 00668nam a22002417a 4500
001 99437
003 UA-OsUOA
005 20211007095853.0
007 ta
008 20130429b un ||||| |||| 00| 0 ukr d
040 _aUA-OsUOA
_brus
_cUA-OsUOA
_dUA-OsUOA
041 _arus
080 _a821.214.32
090 _a821.214.32
_bТ13
100 _aТагор Рабиндранат
245 _aСочинения в восьми томах
260 _aМ.
_bХудожественая литература
_c1957
300 _a270 с.
505 _gТ. 6
_tПьесы
650 7 _a821 Художня література
_2UDC
942 _cBK
_2udc
955 _a3
999 _c385614
_d385614